000 00423nam a2200133Ia 4500
008 200924s9999 xx 000 0 und d
020 _a978-981-3157-38-5
100 _aBrewer, Peter C.
245 _cPeter C. Brewer, Ray H. Garrison, Eric W. Noreen
_aIntroduction to managerial accounting/
250 _a8th ed.
260 _aUS:
_bMcGraw Hill
_c2019
300 _axxvi, 722 pages
_c27 cm.
650 _aManagerial accounting
999 _c364474
_d364474